000 00532nam a2200169 i 4500
001 92871
003 ES-MaACL
005 20230906181057.0
007 t|
008 050330s1944 sp ||||1| spa d
100 1 _aLizón Gadea, Adolfo.
_972627
245 1 0 _aGente de letras
_b: cuentos de la mala uva /
_cAdolfo Lizón Gadea; dibujos de Eduardo Vicente.
260 _aMadrid :
_b[s.n.],
_c1944 (
_fViuda de Galo Sèz)
300 _a175 p. ;
_c18 cm.
700 1 _aVicente, Eduardo.
_9114331
852 _aES-MaACL
_jG-4578
_bR.20999
999 _c92871
_d92871